Отчет о состоянии Нежинской гимназии высших наук за 1831 год

Доступно только в Электронных читальных залах Найти на картеНа карте
RUSMARC
00004040nmc2a2200000 x 450
00121270028-356a-43ae-a989-21837c90c258
00520170420160117.0
100##$a20140904l18321832k l0rusy0189 ca
1010#$arus
102##$aRU
2001#$aОтчет о состоянии Нежинской гимназии высших наук за 1831 год
$j19 января 1832 г.
251##$cДело
300##$aДело
300##$aОриг. заголовок дела: Отчеты и ведомости о состоянии Гимназии высших наук князя Безбородко. 19 января 1832 г
801#0$aRU
$bРГИА
$c20140904
$gRCR
801#1$aRU
$bГлавНИВЦ
$c20140904
$2rusmarc
801#2$aRU
$bПБ им. Б.Н. Ельцина
$c20170420
$gRCR
$2rusmarc
850##$aРГИА
852##$aРГИА
$eФедеральное казенное учреждение "Российский государственный исторический архив" (РГИА)
$j72
937##$hРГИА
$d11177744
$aASBIBLIO_SCAN
462#0$1001460feb74-7b04-4139-aeb0-b9d27856a1ef
$12001
$aДела Департамента народного просвещения по Киевскому учебному округу за 1804-1844 гг.
$1251
$cОпись
$1852
$j69
461#0$1001a74412a3-3cc5-4d21-8f0a-dfe2fbd9e72d
$12001
$aДепартамент народного просвещения Министерства народного просвещения (1803-1917)
$1251
$cФонд
$1852
$j733
215##$a9 л.
$d36,5x26 см
371##$aДокумент не является опубликованным и широко распространяемым
105##$ay###
1222#$ad
5171#$aОтчеты и ведомости о состоянии Гимназии высших наук князя Безбородко. 19 января 1832 г.
035##$a21270028-356a-43ae-a989-21837c90c258
856##$uhttp://readingroom.main.prlib.ru/item.aspx?id_node=n97314414&mode=full
Формат отображения